• 首页
  • 本馆介绍
  • 公告通知
  • 最新文献
  • 馆藏检索
  • 电子资源
  • 读者导购
  • 参考咨询
  • 我的图书馆
  • 登录
  • 详细信息显示
  • 放入我的书架
  • 预约/预借图书
  • 作者相关作品
  • 分类相关作品
  • 丛书相关作品
  • 出版社相关作品

书目信息

  • 表格格式
  • 工作单格式
  • 卡片格式
题名:
信息理论基础
    
 
作者: 臧鸿雁 , 李国东 , 范修斌 编著
分册:  
出版信息: 北京   北京邮电大学出版社  2017.12
页数: 179页
开本: 24cm
丛书名:
单 册:
中图分类: TN911.2 , G201
科图分类:
主题词: 信息论--高等教育--教材 , 传播学
电子资源:
ISBN: 978-7-5635-5326-6
000 00970nam0 2200277 450
001 1000
005 20180927093758.02
010    @a978-7-5635-5326-6@dCNY39.00
100    @a20180714d2017 em y0chiy50 ea
101 0  @achi
102    @aCN@b110000
105    @aak z 000yy
200 1  @a信息理论基础@9xin xi li lun ji chu@f臧鸿雁,李国东,范修斌编著
210    @a北京@c北京邮电大学出版社@d2017.12
215    @a179页@c图@d24cm
300    @a“十三五”普通高等教育规划教材
330    @a本书共分为绪论;信息的统计度量;离散信源;无失真信源编码;信道及其容量;信道编码;信息论在密码学中的应用七章,其主要内容包括:信息传输中的若干问题;信息论研究内容;信息论基本概念;事件的自信息量等。
606 0  @a信息论@x高等教育@j教材
606 0  @a传播学
690    @aTN911.2@v5
690    @aG201@v4
701  0 @a臧鸿雁@9zang hong yan@4编著
701  0 @a李国东@9li guo dong@4编著
701  0 @a范修斌@9fan xiu bin@4编著
801  0 @aCN@b91MARC@c20180714
905    @aMuseLib@dG201@e718
    
    信息理论基础/臧鸿雁,李国东,范修斌编著.-北京:北京邮电大学出版社,2017.12
    179页:图;24cm
    “十三五”普通高等教育规划教材
    
    ISBN 978-7-5635-5326-6:CNY39.00
    本书共分为绪论;信息的统计度量;离散信源;无失真信源编码;信道及其容量;信道编码;信息论在密码学中的应用七章,其主要内容包括:信息传输中的若干问题;信息论研究内容;信息论基本概念;事件的自信息量等。
●
相关链接 在E读中查询图书 在五车中查询图书 在当当中查询图书 在豆瓣中查询图书


正题名:信息理论基础     索取号:G201/718         预约/预借

序号 登录号 条形码 馆藏地/架位号 状态 备注
1 1120689   211206899   第一样本阅览室/ [索取号:G201/718] 在馆    
2 1120690   211206906   第四借阅区/ [索取号:G201/718] 在馆    
3 1120691   211206915   第四借阅区/ [索取号:G201/718] 在馆    
4 1120692   211206924   第四借阅区/ [索取号:G201/718] 在馆    
5 1120693   211206933   密集书库-物理学院/ [索取号:G201/718] 在馆    
唐山师范学院图书馆 欢迎您!
大连网信软件有限公司© 版权所有